000 00787nam a2200241Ia 4500
003 OSt
005 20220925235336.0
006 a|||||r|||| 00| 0
007 ta
008 220923b |||||||| |||| 00| 0 eng d
020 _a9788189524302
_c25
037 _b878, 12/03/2013, Pranami Book Service
_cGeneral Book
040 _aRTL
_cRTL
_beng
041 _2eng
_aeng
082 _aX0aW.20a41.N<-M, P8
100 _aDESAI Meghnad
245 0 _aIndia and China
_b An essay in comparative political economy
260 _a New Delhi
_bCritical Quest
_c2008
300 _a32p Bibliography: P 30-32
_ccm.
650 _aSociology
942 _hX0aW.20a41.N<-M, P8
_cGB
_2CC
999 _c597207
_d597207